| 000 | 01366cgm a2200361 4500 | ||
|---|---|---|---|
| 001 | E1386 | ||
| 008 | 090401t1993 xxu||||| |||| 00| 0 eng d | ||
| 035 | _a(Sirsi) u32767 | ||
| 041 | _aeng | ||
| 050 | _a333.336 | ||
| 100 | _aFeenan, Rosemary | ||
| 245 | _aDistribution property - the way ahead (sound recording) | ||
| 260 |
_aLondon _bRoyal Institution of Chartered Surveyors _c1993 |
||
| 300 | _a1 sound cassette (60 min) | ||
| 350 | _a10.21 | ||
| 490 | _aOwlion Audio Programme | ||
| 520 | _aReviews the changes in the industry which have made distribution property the subject of much debate and contrasting opinions with regard to location, design, demand and investment performance. The role of the developer, investor and occupier is considered and the effect of changes in the industry on distribution is also discussed. | ||
| 650 | _aAUDIO CASSETTES | ||
| 650 | _aDISTRIBUTION PROPERTY | ||
| 650 | _aINVESTMENT PERFORMANCE | ||
| 650 | _aPROPERTY DEVELOPMENT | ||
| 650 | _aPROPERTY INVESTMENT | ||
| 690 | _aPROPERTY-COMMERCIAL PROPERTY | ||
| 700 | _aBattle, Darren | ||
| 700 | _aIves, Simon | ||
| 700 | _aSlipper, Andrew | ||
| 700 | _aSmith, J.F.N. | ||
| 700 | _aWhalley, John | ||
| 710 |
_aRoyal Institution of Chartered Surveyors _94900 |
||
| 710 |
_aCollege of Estate Management _9400 |
||
| 942 | _n0 | ||
| 948 | _c04/03/1997 | ||
| 999 |
_c85207 _d85207 |
||